00752nam a22002177a 4500999001500000003000900015008004100024040007100065082001500136100002200151245001600173260004300189300002600232440004100258505006900299650001800368700002900386942001600415945000800431952009500439 c8632d8632AR-CdUCM190325b ||||| |||| 00| 0 spa d aMUNICIPALIDAD PROVINCIAL DEL CUSCOcBIBLIOTECA MUNICIPAL DEL CUSCO a301 /bC47 aCépede. Michel  aEl Hambre / aBarcelona :bOikos-tan, S. A. ;c1970. a123 páginas ;c18cm aColección ¿Qué sé?n14924141 aContenido: El hambre y el individuo -- El hambre en la sociedad  aHambre 97447 aGounelle. Hugues 924142 2ddccLIBROS anom 002ddc4070aSHbSHcCARTd2019-03-25g20.00o301 / C47pSH0000009464r2019-03-25yLIBROS